• 首页
  • 本馆介绍
  • 公告通知
  • 最新文献
  • 馆藏检索
  • 电子资源
  • 读者导购
  • 参考咨询
  • 我的图书馆
  • 登录
  • 详细信息显示
  • 放入我的书架
  • 预约/预借图书
  • 作者相关作品
  • 分类相关作品
  • 丛书相关作品
  • 出版社相关作品

书目信息

  • 表格格式
  • 工作单格式
  • 卡片格式
题名:
审美与道德的本源
    
 
作者: 李咏吟 著
分册:  
出版信息: 上海   上海人民出版社  2006
页数: 498页
开本: 21cm
丛书名: 人文社科新著丛书
单 册:
中图分类: B83-05 , B82-054.9
科图分类:
主题词: 美学--关系--道德--研究 , 美学 , 道德 , 伦理学
电子资源:
ISBN: 7-208-06226-9
000 01088oam2 2200313 450
001 0953926597
005 20090929150035.79
010    @a7-208-06226-9@dCNY35.00
100    @a20060104d2006 em y0chiy50 ea
101 0  @achi
102    @aCN@b310000
105    @ay z 000yy
106    @ar
200 1  @a审美与道德的本源@f李咏吟著@Ashen mei yu dao de de ben yuan
210    @a上海@c上海人民出版社@d2006
215    @a498页@d21cm
225 2  @a人文社科新著丛书
300    @a国家社会科学基金项目、国家哲学社会科学创新基地浙江大学“基督教与跨文化研究中心”项目
330    @a本书分为审美道德论的理性价值反思、审美的本源性与审美道德论、道德的本源性与审美道德论、审美与道德的本源性关系、文学艺术的审美道德论解释、审美道德论与自由秩序探索六部分。
461  0 @1001003147200
606 0  @a美学@x关系@x道德@x研究
606 0  @a美学
606 0  @a道德
606 0  @a伦理学
690    @aB83-05@v4
690    @aB82-054.9@v4
701  0 @a李咏吟@f(1963~)@4著@Ali yong yin
801  0 @aCN@b大连网信软件有限公司图书馆·11@c20090929
905    @a10447@dB82-054.9@eJY116
    
    审美与道德的本源/李咏吟著.-上海:上海人民出版社,2006
    498页;21cm .-(人文社科新著丛书 )
    国家社会科学基金项目、国家哲学社会科学创新基地浙江大学“基督教与跨文化研究中心”项目
    
    ISBN 7-208-06226-9:CNY35.00
    本书分为审美道德论的理性价值反思、审美的本源性与审美道德论、道德的本源性与审美道德论、审美与道德的本源性关系、文学艺术的审美道德论解释、审美道德论与自由秩序探索六部分。
●
相关链接 在E读中查询图书 在五车中查询图书 在当当中查询图书 在豆瓣中查询图书


正题名:审美与道德的本源     索取号:B82-054.9/JY116         预约/预借

序号 登录号 条形码 馆藏地/架位号 状态 备注
1 7820077   278200778   学院路分馆/ [索取号:B82-054.9/JY116] 在馆    
2 7820078   278200787   学院路分馆/ [索取号:B82-054.9/JY116] 在馆    
3 7820079   278200796   学院路分馆/ [索取号:B82-054.9/JY116] 在馆    
4 7820080   278200803   学院路分馆/ [索取号:B82-054.9/JY116] 在馆    
唐山师范学院图书馆 欢迎您!
大连网信软件有限公司© 版权所有